Queen Songs - Statistics

General Stats
  • This quiz has been taken 16 times
  • The average score is 9 of 11
Answers on the Grid
Answers color-coded by a green-red scale on the quiz's grid according to % correct below.
Seven Seas of Rhye
Flash
Who Wants to Live Forever
Another One Bites The Dust
Get Lucky
Set Fire to the Rain
Take me to Church
Your My Best Friend
Save Me
These are the days of our lives
Under the Bridge
Bohemian Rhapsody
My Heart Will Go On
Under Pressure
Moonlight Sonata
Diamonds
Killer Queen
Radio Gaga
 
Answer Stats
Answer % Correct
Another One Bites The Dust
100%
Bohemian Rhapsody
100%
Radio Gaga
100%
Killer Queen
92%
Seven Seas of Rhye
92%
Under Pressure
92%
Flash
75%
Who Wants to Live Forever
75%
Your My Best Friend
75%
These are the days of our lives
58%
Save Me
33%
No matching quizzes found
Score Distribution
Percent of People with Each Score
Percentile by Number Answered
Your Score History
You have not taken this quiz